Detalles MARC
| 000 -LIDER |
| fixed length control field |
02862nam a2200289 a 4500 |
| 001 - NÚMERO DE CONTROL |
| Identificador de número de control |
|
| 003 - IDENTIFICACDOR DE NÚMERO DE CONTROL |
| control field |
DO-SdBNP |
| 005 - DATE AND TIME OF LATEST TRANSACTION |
| control field |
20240209104124.0 |
| 008 - ELEMENTOS DE LONGITUD FIJA |
| fixed length control field |
090701s2023 dr 001 0cspa d |
| 020 ## - ISBN |
| International Standard Book Number |
9789945187298 |
| 040 ## - FUENTE DE CATALOGACIÓN |
| Agencia que crea de manera original el registro |
DO-SdBNP |
| Idioma de catalogación |
spa |
| Agencia que realiza la transcripción |
BPMSU |
| 082 #4 - NÚMERO DE CLASIFICACIÓN DECIMAL DE DEWEY |
| Classification number |
Cu861.6 |
| Item number |
B928c 2023 |
| Edition number |
22 |
| 100 1# - ASIENTO PRINCIPAL -- NOMBRE PERSONAL |
| Nombre personal |
Buesa, José Angel, |
| Fechas asociadas con el nombre |
1910-1982. |
| 245 10 - MENCIÓN DE TITULO |
| Título |
Canto a Duarte / |
| Mención de responsabilidad |
José Ángel Buesa ; edición y prólogo de Luis Beiro Álvarez |
| 260 ## - PUBLICACIÓN, DISTRIBUCIÓN, ETC. (PIE DE IMPRENTA) |
| Lugar de publicación, distribución, etc |
Santo Domingo : |
| Nombre del editor, distribuidor, etc. |
Comisión Permanente de Efemérides Patrias, |
| Fecha de publicación, distribución, etc |
2023 |
| 300 ## - DESCRIPCIÓN FÍSICA |
| Extensión |
85 p. ; |
| Dimensiones |
23 cm. |
| 504 ## - NOTA DE BIBLIOGRAFÍA, ETC. |
| Bibliography, etc |
Bibliografía : p. 119-121 |
| 505 0# - NOTA DE CONTENIDO |
| Título |
Presentación -- |
| -- |
Prólogo -- |
| Información miscelánea |
Juan Pablo Duarte -- |
| Título |
Infancia de Duarte -- |
| -- |
Adolescencia -- |
| -- |
Pasos que dió para lograr la liberación de la Patria -- |
| -- |
Duarte y la reforma -- |
| -- |
Regreso de Duarte -- |
| -- |
Duarte sale deportado -- |
| -- |
Reflexiones sobre algunas cualidades de Juan Pablo Duarte -- |
| -- |
Vocación de maestro -- |
| -- |
Capacidad de liderazgo -- |
| -- |
Su vocación religiosa -- |
| -- |
El patriotismo de Duarte -- |
| -- |
Duarte y su amor a los libros -- |
| -- |
Nacionalismo de Duarte -- |
| -- |
Cartas y otros escritos de Duarte -- |
| -- |
Algunos pensamientos de Duarte -- |
| -- |
Himno a Juan Pablo Duarte -- |
| -- |
Poemas de Duarte -- |
| -- |
Poesía a Duarte -- |
| -- |
A Duarte -- |
| Información miscelánea |
Francisco del Rosario Sánchez -- |
| Título |
Francisco del Rosario Sánchez -- |
| -- |
Sánchez y el movimiento La Reforma -- |
| -- |
Planes del protectorado -- |
| -- |
Continuación de las labores patrióticas -- |
| -- |
Los Trinitarios y su alianza con los conservadores afrancesados -- |
| -- |
Los Trinitarios hacia la proclamación de la independencia -- |
| -- |
Sánchez y la proclamación de independencia -- |
| -- |
Los conservadores continuán en sus planes de protectorado -- |
| -- |
Regreso de Duarte -- |
| -- |
Expulsión de los Trinitarios -- |
| -- |
Facetas de la vida de Francisco del Rosario Sánchez -- |
| -- |
Infancia y adolescencia -- |
| -- |
Sánchez y algunas decepciones de su vida -- |
| -- |
Su vida familiar -- |
| -- |
Sánchez y su liderazgo -- |
| -- |
Ejemplo que legó Sánchez a los dominicanos -- |
| -- |
Opiniones sobre Sánchez -- |
| -- |
Himno a Francisco del Rosario Sánchez -- |
| -- |
Poema a Sánchez -- |
| -- |
Poesía de un autor anónimo -- |
| Información miscelánea |
Ramón Matías Mella -- |
| Título |
Ramón Matías Mella -- |
| -- |
La noche del 27 de febrero. El trabucazo -- |
| -- |
Mella proclama a Duarte -- |
| -- |
Golpe de Estado de Santana. Destino de Mella -- |
| -- |
Mella y la Revolución del 1857 -- |
| -- |
Mella y la anexión de 1861 -- |
| -- |
Facetas de la vida de Mella -- |
| -- |
Mella y las tácticas militares -- |
| -- |
Himno a Matías Ramón Mella -- |
| -- |
Poemas dedicadas a Mella -- |
| -- |
Poesía a Mella -- |
| -- |
Grito de Redención -- |
| -- |
Vocabulario -- |
| -- |
Bibliografía |
| 590 ## - NOTA LOCAL |
| Texto de la nota local |
Inventariado, 2023/VM |
| 600 14 - ENCABEZAMIENTO DE MATERIA--NOMBRE PERSONAL |
| Nombre personal |
Duarte, Juan Pablo, |
| Fechas asociadas con el nombre |
1813-1876 |
| Subdivisión de forma |
Poesía |
| 650 #4 - ENCABEZAMIENTO DE MATERIA--TEMÁTICO |
| Término temático o nombre geográfico como elemento de entrada |
Poesía cubana |
| 650 #4 - ENCABEZAMIENTO DE MATERIA--TEMÁTICO |
| Término temático o nombre geográfico como elemento de entrada |
Literatura cubana |
| 700 1# - ASIENTO SECUNDARIO -- NOMBRE PERSONAL |
| Nombre personal |
Beiro Álvarez, Luis |
| Mención de responsabilidad |
prólogo |
| 710 2# - ASIENTO SECUNDARIO -- NOMBRE CORPORATIVO |
| Nombre corporativo o de jurisdicción |
Comisión Permanente de Efemérides Patria (República Dominicana) |
| 910 ## - VALIDACIÓN |
| Validación |
VMateo V. Cotrol de calidad. BPMSU |
| 942 ## - ADDED ENTRY ELEMENTS (KOHA) |
| Source of classification or shelving scheme |
Dewey Decimal Classification |
| Koha item type |
Libros |